000 nam a22 7a 4500
999 _c2437
_d2437
005 20170516123607.0
008 170516b1988 cau||||| |||| 00| 0 eng d
020 _a0023804505
040 _aAKMAL
082 _a519.5024 MEN
090 _a519.5024
_bMEN
100 1 _aMendenhall, William.
_95048
245 _aStatistics for the engineering and computer sciences /
_cWilliam Mendenhall, Terry Sincich.
260 _aSan Francisco, Calif. :
_aLondon :
_bDellen Pub. Co. ;
_b Collier Macmillan,
_cc1988
300 _a xvi, 1036 p. :
_bill. ;
_c25 cm
500 _aIncludes index
650 0 _aMathematical statistics.
_95017
650 0 _aMathematics
_xData processing
_95049
650 0 _a Engineering
_xStatistical methods
_95050
700 1 _a Sincich, Terry.
_94925
942 _2ddc
_cBOOK